<?xml version="1.0" encoding="UTF-8"?>
<record
    xmlns:xsi="http://www.w3.org/2001/XMLSchema-instance"
    xsi:schemaLocation="http://www.loc.gov/MARC21/slim http://www.loc.gov/standards/marcxml/schema/MARC21slim.xsd"
    xmlns="http://www.loc.gov/MARC21/slim">

  <leader>00629nam a22002297a 4500</leader>
  <controlfield tag="001">AUWbook033530</controlfield>
  <controlfield tag="003">BDCtgAUW</controlfield>
  <controlfield tag="005">20260429211923.0</controlfield>
  <controlfield tag="008">260427b        bg ||||| |||| 00| 0 eng d</controlfield>
  <datafield tag="020" ind1=" " ind2=" ">
    <subfield code="a">9789849991403</subfield>
  </datafield>
  <datafield tag="040" ind1=" " ind2=" ">
    <subfield code="a">BDCtgAUW</subfield>
    <subfield code="c">BDCtgAUW</subfield>
  </datafield>
  <datafield tag="041" ind1="0" ind2=" ">
    <subfield code="a">eng</subfield>
    <subfield code="a">ben</subfield>
  </datafield>
  <datafield tag="050" ind1=" " ind2="4">
    <subfield code="a">PK1718</subfield>
    <subfield code="b">.S4 2026</subfield>
  </datafield>
  <datafield tag="245" ind1="0" ind2="0">
    <subfield code="a">Seven monsoons /</subfield>
    <subfield code="c">edited by Rubana Huq.</subfield>
  </datafield>
  <datafield tag="260" ind1=" " ind2=" ">
    <subfield code="a">Dhaka :</subfield>
    <subfield code="b">Monsoonletters,</subfield>
    <subfield code="c">2026.</subfield>
  </datafield>
  <datafield tag="300" ind1=" " ind2=" ">
    <subfield code="a">175 pages :</subfield>
    <subfield code="b">pictures;</subfield>
    <subfield code="c">24cm.</subfield>
  </datafield>
  <datafield tag="500" ind1=" " ind2=" ">
    <subfield code="a">English and Bengali language.</subfield>
  </datafield>
  <datafield tag="650" ind1=" " ind2="4">
    <subfield code="a">Poetry</subfield>
  </datafield>
  <datafield tag="700" ind1="1" ind2=" ">
    <subfield code="a">Huq, Rubana.</subfield>
    <subfield code="e">editor</subfield>
    <subfield code="9">91692</subfield>
  </datafield>
  <datafield tag="887" ind1=" " ind2=" ">
    <subfield code="2">8</subfield>
    <subfield code="a">Papia Akter</subfield>
  </datafield>
  <datafield tag="942" ind1=" " ind2=" ">
    <subfield code="2">lcc</subfield>
    <subfield code="c">BK</subfield>
    <subfield code="n">0</subfield>
    <subfield code="0">2</subfield>
  </datafield>
  <datafield tag="952" ind1=" " ind2=" ">
    <subfield code="0">0</subfield>
    <subfield code="1">0</subfield>
    <subfield code="2">lcc</subfield>
    <subfield code="4">0</subfield>
    <subfield code="7">0</subfield>
    <subfield code="8">FIC</subfield>
    <subfield code="a">AUWL</subfield>
    <subfield code="b">AUWL</subfield>
    <subfield code="c">PC</subfield>
    <subfield code="d">2026-04-26</subfield>
    <subfield code="e">Rubana Huq</subfield>
    <subfield code="l">2</subfield>
    <subfield code="o">PK1718 .S4 2026</subfield>
    <subfield code="p">033530</subfield>
    <subfield code="r">2026-04-28 00:43:20</subfield>
    <subfield code="s">2026-04-28</subfield>
    <subfield code="w">2026-04-27</subfield>
    <subfield code="y">BK</subfield>
  </datafield>
  <datafield tag="952" ind1=" " ind2=" ">
    <subfield code="0">0</subfield>
    <subfield code="1">0</subfield>
    <subfield code="2">lcc</subfield>
    <subfield code="4">0</subfield>
    <subfield code="7">0</subfield>
    <subfield code="8">FIC</subfield>
    <subfield code="a">AUWL</subfield>
    <subfield code="b">AUWL</subfield>
    <subfield code="c">PC</subfield>
    <subfield code="d">2026-04-26</subfield>
    <subfield code="e">Rubana Huq</subfield>
    <subfield code="l">0</subfield>
    <subfield code="o">PK1718 .S4 2026</subfield>
    <subfield code="p">033531</subfield>
    <subfield code="r">2026-04-27 19:27:21</subfield>
    <subfield code="w">2026-04-27</subfield>
    <subfield code="y">BK</subfield>
  </datafield>
  <datafield tag="952" ind1=" " ind2=" ">
    <subfield code="0">0</subfield>
    <subfield code="1">0</subfield>
    <subfield code="2">lcc</subfield>
    <subfield code="4">0</subfield>
    <subfield code="7">0</subfield>
    <subfield code="8">FIC</subfield>
    <subfield code="a">AUWL</subfield>
    <subfield code="b">AUWL</subfield>
    <subfield code="c">PC</subfield>
    <subfield code="d">2026-04-26</subfield>
    <subfield code="e">Rubana Huq</subfield>
    <subfield code="l">0</subfield>
    <subfield code="o">PK1718 .S4 2026</subfield>
    <subfield code="p">033532</subfield>
    <subfield code="r">2026-04-27 19:27:21</subfield>
    <subfield code="w">2026-04-27</subfield>
    <subfield code="y">BK</subfield>
  </datafield>
  <datafield tag="952" ind1=" " ind2=" ">
    <subfield code="0">0</subfield>
    <subfield code="1">0</subfield>
    <subfield code="2">lcc</subfield>
    <subfield code="4">0</subfield>
    <subfield code="7">0</subfield>
    <subfield code="8">FIC</subfield>
    <subfield code="a">AUWL</subfield>
    <subfield code="b">AUWL</subfield>
    <subfield code="c">PC</subfield>
    <subfield code="d">2026-04-26</subfield>
    <subfield code="e">Rubana Huq</subfield>
    <subfield code="l">0</subfield>
    <subfield code="o">PK1718 .S4 2026</subfield>
    <subfield code="p">033533</subfield>
    <subfield code="r">2026-04-27 19:27:21</subfield>
    <subfield code="w">2026-04-27</subfield>
    <subfield code="y">BK</subfield>
  </datafield>
  <datafield tag="952" ind1=" " ind2=" ">
    <subfield code="0">0</subfield>
    <subfield code="1">0</subfield>
    <subfield code="2">lcc</subfield>
    <subfield code="4">0</subfield>
    <subfield code="7">0</subfield>
    <subfield code="8">FIC</subfield>
    <subfield code="a">AUWL</subfield>
    <subfield code="b">AUWL</subfield>
    <subfield code="c">PC</subfield>
    <subfield code="d">2026-04-26</subfield>
    <subfield code="e">Rubana Huq</subfield>
    <subfield code="l">0</subfield>
    <subfield code="o">PK1718 .S4 2026</subfield>
    <subfield code="p">033534</subfield>
    <subfield code="r">2026-04-27 19:27:21</subfield>
    <subfield code="w">2026-04-27</subfield>
    <subfield code="y">BK</subfield>
  </datafield>
  <datafield tag="952" ind1=" " ind2=" ">
    <subfield code="0">0</subfield>
    <subfield code="1">0</subfield>
    <subfield code="2">lcc</subfield>
    <subfield code="4">0</subfield>
    <subfield code="7">0</subfield>
    <subfield code="8">FIC</subfield>
    <subfield code="a">AUWL</subfield>
    <subfield code="b">AUWL</subfield>
    <subfield code="c">PC</subfield>
    <subfield code="d">2026-04-26</subfield>
    <subfield code="e">Rubana Huq</subfield>
    <subfield code="l">0</subfield>
    <subfield code="o">PK1718 .S4 2026</subfield>
    <subfield code="p">033535</subfield>
    <subfield code="r">2026-04-27 19:27:21</subfield>
    <subfield code="w">2026-04-27</subfield>
    <subfield code="y">BK</subfield>
  </datafield>
  <datafield tag="952" ind1=" " ind2=" ">
    <subfield code="0">0</subfield>
    <subfield code="1">0</subfield>
    <subfield code="2">lcc</subfield>
    <subfield code="4">0</subfield>
    <subfield code="7">0</subfield>
    <subfield code="8">FIC</subfield>
    <subfield code="a">AUWL</subfield>
    <subfield code="b">AUWL</subfield>
    <subfield code="c">PC</subfield>
    <subfield code="d">2026-04-26</subfield>
    <subfield code="e">Rubana Huq</subfield>
    <subfield code="l">0</subfield>
    <subfield code="o">PK1718 .S4 2026</subfield>
    <subfield code="p">033536</subfield>
    <subfield code="r">2026-04-27 19:27:21</subfield>
    <subfield code="w">2026-04-27</subfield>
    <subfield code="y">BK</subfield>
  </datafield>
  <datafield tag="952" ind1=" " ind2=" ">
    <subfield code="0">0</subfield>
    <subfield code="1">0</subfield>
    <subfield code="2">lcc</subfield>
    <subfield code="4">0</subfield>
    <subfield code="7">0</subfield>
    <subfield code="8">FIC</subfield>
    <subfield code="a">AUWL</subfield>
    <subfield code="b">AUWL</subfield>
    <subfield code="c">PC</subfield>
    <subfield code="d">2026-04-26</subfield>
    <subfield code="e">Rubana Huq</subfield>
    <subfield code="l">0</subfield>
    <subfield code="o">PK1718 .S4 2026</subfield>
    <subfield code="p">033537</subfield>
    <subfield code="r">2026-04-27 19:27:21</subfield>
    <subfield code="w">2026-04-27</subfield>
    <subfield code="y">BK</subfield>
  </datafield>
  <datafield tag="952" ind1=" " ind2=" ">
    <subfield code="0">0</subfield>
    <subfield code="1">0</subfield>
    <subfield code="2">lcc</subfield>
    <subfield code="4">0</subfield>
    <subfield code="7">0</subfield>
    <subfield code="8">FIC</subfield>
    <subfield code="a">AUWL</subfield>
    <subfield code="b">AUWL</subfield>
    <subfield code="c">PC</subfield>
    <subfield code="d">2026-04-26</subfield>
    <subfield code="e">Rubana Huq</subfield>
    <subfield code="l">0</subfield>
    <subfield code="o">PK1718 .S4 2026</subfield>
    <subfield code="p">033538</subfield>
    <subfield code="r">2026-04-27 19:27:21</subfield>
    <subfield code="w">2026-04-27</subfield>
    <subfield code="y">BK</subfield>
  </datafield>
  <datafield tag="952" ind1=" " ind2=" ">
    <subfield code="0">0</subfield>
    <subfield code="1">0</subfield>
    <subfield code="2">lcc</subfield>
    <subfield code="4">0</subfield>
    <subfield code="7">0</subfield>
    <subfield code="8">FIC</subfield>
    <subfield code="a">AUWL</subfield>
    <subfield code="b">AUWL</subfield>
    <subfield code="c">PC</subfield>
    <subfield code="d">2026-04-26</subfield>
    <subfield code="e">Rubana Huq</subfield>
    <subfield code="l">0</subfield>
    <subfield code="o">PK1718 .S4 2026</subfield>
    <subfield code="p">033539</subfield>
    <subfield code="r">2026-04-27 19:27:21</subfield>
    <subfield code="w">2026-04-27</subfield>
    <subfield code="y">BK</subfield>
  </datafield>
  <datafield tag="999" ind1=" " ind2=" ">
    <subfield code="c">18690</subfield>
    <subfield code="d">18690</subfield>
  </datafield>
  <datafield tag="888" ind1=" " ind2=" ">
    <subfield code="2">8</subfield>
  </datafield>
</record>
